• 首页
  • 本馆介绍
  • 公告通知
  • 最新文献
  • 馆藏检索
  • 电子资源
  • 读者导购
  • 参考咨询
  • 我的图书馆
  • 登录
  • 详细信息显示
  • 放入我的书架
  • 预约/预借图书
  • 作者相关作品
  • 分类相关作品
  • 丛书相关作品
  • 出版社相关作品

书目信息

  • 表格格式
  • 工作单格式
  • 卡片格式
题名:
结构力学
    
 
作者: 王邵臻 , 艾海英 主编
分册:  
出版信息: 北京   清华大学出版社  2017
页数: 252页
开本: 26cm
丛书名: 全国高等院校土木与建筑专业十二五创新规划教材
单 册:
中图分类: O342-43
科图分类:
主题词: 结构力学--jie gou li xue--高等学校--教材
电子资源:
ISBN: 978-7-302-44166-3
000 00939nam 2200277 450
001 012001003224
005 20140129145045.0
010    @a978-7-302-44166-3@dCNY39.00
099    @aCAL 012017005688
100    @a20170112d2017 ekmy0chiy0121 ea
101 0  @achi
102    @aCN@b110000
105    @aak a 000yy
106    @ar
200 1  @a结构力学@Ajie gou li xue@f王邵臻, 艾海英主编
210    @a北京@c清华大学出版社@d2017
215    @a252页@c图@d26cm
225 2  @a全国高等院校土木与建筑专业十二五创新规划教材@Aquan guo gao deng yuan xiao tu mu yu jian zhu zhuan ye shi er wu chuang xin gui hua jiao cai
320    @a有书目
410  0 @12001 @a全国高等院校土木与建筑专业十二五创新规划教材
606 0  @a结构力学@Ajie gou li xue@x高等学校@j教材
690    @aO342-43@v5
701  0 @a王邵臻@Awang shao zhen@4主编
701  0 @a艾海英@Aai hai ying@4主编
801  2 @aCN@b北京卓展@c20191020
905    @b1210840-3@dO342-43@e61@f4
    
    结构力学/王邵臻, 艾海英主编.-北京:清华大学出版社,2017
    252页:图;26cm.-(全国高等院校土木与建筑专业十二五创新规划教材)
    
    
    ISBN 978-7-302-44166-3:CNY39.00
    
●
相关链接 在E读中查询图书 在五车中查询图书 在当当中查询图书 在豆瓣中查询图书


正题名:结构力学     索取号:O342-43/61         预约/预借

序号 登录号 条形码 馆藏地/架位号 状态 备注
1 1210840   212108404   第二样本阅览室/ [索取号:O342-43/61] 在馆    
2 1210841   212108413   第三借阅区/ [索取号:O342-43/61] 在馆    
3 1210842   212108422   第三借阅区/ [索取号:O342-43/61] 在馆    
4 1210843   212108431   第三借阅区/ [索取号:O342-43/61] 在馆    
唐山师范学院图书馆 欢迎您!
大连网信软件有限公司© 版权所有